<?xml version="1.0" encoding="UTF-8"?>
<record
    xmlns:xsi="http://www.w3.org/2001/XMLSchema-instance"
    xsi:schemaLocation="http://www.loc.gov/MARC21/slim http://www.loc.gov/standards/marcxml/schema/MARC21slim.xsd"
    xmlns="http://www.loc.gov/MARC21/slim">

  <leader>01006cam a2200313 i 4500</leader>
  <controlfield tag="001">1235936</controlfield>
  <controlfield tag="003">YEEZEN</controlfield>
  <controlfield tag="005">20260112140621.0</controlfield>
  <controlfield tag="008">251215s2025    ch a   g      000 0 chi d</controlfield>
  <datafield tag="020" ind1=" " ind2=" ">
    <subfield code="a">9786264183604</subfield>
    <subfield code="q">(&#x5E73;&#x88DD;) :</subfield>
    <subfield code="c">NT$380</subfield>
  </datafield>
  <datafield tag="040" ind1=" " ind2=" ">
    <subfield code="a">TWTNM</subfield>
    <subfield code="b">chi</subfield>
    <subfield code="c">TWTNM</subfield>
  </datafield>
  <datafield tag="042" ind1=" " ind2=" ">
    <subfield code="a">nbic</subfield>
  </datafield>
  <datafield tag="084" ind1=" " ind2=" ">
    <subfield code="a">528.2</subfield>
    <subfield code="2">ncsclt</subfield>
  </datafield>
  <datafield tag="090" ind1=" " ind2=" ">
    <subfield code="a">528.2</subfield>
  </datafield>
  <datafield tag="100" ind1="1" ind2=" ">
    <subfield code="a">&#x8D99;&#x9038;&#x5E06;</subfield>
  </datafield>
  <datafield tag="245" ind1="1" ind2="0">
    <subfield code="a">&#x7126;&#x616E;&#x7684;&#x662F;&#x6211;&#x5011;,&#x4E0D;&#x662F;&#x4ED6;&#x5011; :</subfield>
    <subfield code="b">&#x5F9E;&#x7406;&#x89E3;&#x5230;&#x966A;&#x4F34;,&#x91CD;&#x65B0;&#x8A8D;&#x8B58;&#x7DB2;&#x8DEF;&#x539F;&#x751F;&#x4EE3;&#x7684;36&#x500B;&#x5171;&#x597D;&#x7DF4;&#x7FD2; /</subfield>
    <subfield code="c">&#x8D99;&#x9038;&#x5E06;&#x8457;</subfield>
  </datafield>
  <datafield tag="246" ind1="3" ind2="0">
    <subfield code="a">&#x5F9E;&#x7406;&#x89E3;&#x5230;&#x966A;&#x4F34;,&#x91CD;&#x65B0;&#x8A8D;&#x8B58;&#x7DB2;&#x8DEF;&#x539F;&#x751F;&#x4EE3;&#x7684;36&#x500B;&#x5171;&#x597D;&#x7DF4;&#x7FD2;</subfield>
  </datafield>
  <datafield tag="246" ind1="3" ind2="0">
    <subfield code="a">&#x5F9E;&#x7406;&#x89E3;&#x5230;&#x966A;&#x4F34;,&#x91CD;&#x65B0;&#x8A8D;&#x8B58;&#x7DB2;&#x8DEF;&#x539F;&#x751F;&#x4EE3;&#x7684;&#x4E09;&#x5341;&#x516D;&#x500B;&#x5171;&#x597D;&#x7DF4;&#x7FD2;</subfield>
  </datafield>
  <datafield tag="250" ind1=" " ind2=" ">
    <subfield code="a">&#x521D;&#x7248;</subfield>
  </datafield>
  <datafield tag="260" ind1=" " ind2=" ">
    <subfield code="a">&#x81FA;&#x5317;&#x5E02; :</subfield>
    <subfield code="b">&#x9060;&#x6D41;,</subfield>
    <subfield code="c">2025.10</subfield>
  </datafield>
  <datafield tag="300" ind1=" " ind2=" ">
    <subfield code="a">239&#x9762; :</subfield>
    <subfield code="b">&#x5716; ;</subfield>
    <subfield code="c">21&#x516C;&#x5206;</subfield>
  </datafield>
  <datafield tag="490" ind1="1" ind2=" ">
    <subfield code="a">&#x7DA0;&#x8839;&#x9B5A;Read it!</subfield>
  </datafield>
  <datafield tag="500" ind1=" " ind2=" ">
    <subfield code="a">&#x542B;&#x9644;&#x9304;</subfield>
  </datafield>
  <datafield tag="650" ind1=" " ind2="7">
    <subfield code="a">&#x89AA;&#x8077;&#x6559;&#x80B2;</subfield>
    <subfield code="2">lcstt.</subfield>
  </datafield>
  <datafield tag="650" ind1=" " ind2="7">
    <subfield code="a">&#x89AA;&#x5B50;&#x95DC;&#x4FC2;</subfield>
    <subfield code="2">lcstt.</subfield>
  </datafield>
  <datafield tag="650" ind1=" " ind2="7">
    <subfield code="a">&#x7DB2;&#x8DEF;&#x793E;&#x6703;</subfield>
    <subfield code="2">lcstt.</subfield>
  </datafield>
  <datafield tag="830" ind1=" " ind2="0">
    <subfield code="a">&#x7DA0;&#x8839;&#x9B5A;Read it!</subfield>
  </datafield>
  <datafield tag="942" ind1=" " ind2=" ">
    <subfield code="2">ccl</subfield>
    <subfield code="c">BOOK</subfield>
  </datafield>
  <datafield tag="999" ind1=" " ind2=" ">
    <subfield code="c">7686</subfield>
    <subfield code="d">7686</subfield>
  </datafield>
  <datafield tag="952" ind1=" " ind2=" ">
    <subfield code="0">0</subfield>
    <subfield code="1">0</subfield>
    <subfield code="2">ccl</subfield>
    <subfield code="4">0</subfield>
    <subfield code="7">0</subfield>
    <subfield code="a">yeezen</subfield>
    <subfield code="b">yeezen</subfield>
    <subfield code="c">YEEZEN</subfield>
    <subfield code="d">2026-01-12</subfield>
    <subfield code="l">4</subfield>
    <subfield code="o">528.2</subfield>
    <subfield code="p">C03272</subfield>
    <subfield code="r">2026-03-27 00:00:00</subfield>
    <subfield code="s">2026-03-16</subfield>
    <subfield code="w">2026-01-12</subfield>
    <subfield code="y">BOOK</subfield>
    <subfield code="z">&#x672C;&#x66F8;&#x5F9E;&#x5B69;&#x5B50;&#x7684;&#x65E5;&#x5E38;&#x60C5;&#x5883;&#x5207;&#x5165;&#xFF0C;&#x5E36;&#x4F60;&#x4E86;&#x89E3;&#x4ED6;&#x5011;&#x70BA;&#x4EC0;&#x9EBC;&#x611B;&#x6ED1;&#x624B;&#x6A5F;&#x3001;&#x96E2;&#x4E0D;&#x958B;&#x77ED;&#x5F71;&#x97F3;&#xFF0C;&#x9084;&#x6709;&#x70BA;&#x4F55;&#x6C89;&#x8FF7;&#x904A;&#x6232;&#xFF0C;&#x5728;&#x9019;&#x4E9B;&#x7121;&#x9650;&#x6ED1;&#x7684;&#x884C;&#x70BA;&#x80CC;&#x5F8C;&#xFF0C;&#x5404;&#x81EA;&#x96B1;&#x542B;&#x4E86;&#x54EA;&#x4E9B;&#x5FC3;&#x7406;&#x9700;&#x6C42;&#x8207;&#x4EBA;&#x751F;&#x8AB2;&#x984C;&#x3002;&#x7B2C;&#x4E8C;&#x90E8;&#x5206;&#x5E36;&#x9818;&#x5927;&#x5BB6;&#x601D;&#x8003;&#xFF0C;&#x7DB2;&#x8DEF;&#x6587;&#x5316;&#x662F;&#x5982;&#x4F55;&#x4E00;&#x9EDE;&#x4E00;&#x6EF4;&#x5F62;&#x5851;&#x4E86;&#x65B0;&#x4E16;&#x4EE3;&#x7684;&#x50F9;&#x503C;&#x89C0;&#x3002;</subfield>
  </datafield>
</record>
